01739nam a22002177a 450000500170000000800410001702000180005804000070007604100120008308200200009510000250011524500180014026000280015830000240018636500530021052010110026365000280127494200120130299900190131495201880133320260128094140.0240202b ||||| |||| 00| 0 eng d a9781538727355 cAL aEnglish 223a813.6bSHEA aMia Sheridan9252885 aArchers Voice aNew YorkbForeverc2018 a390pbPBc20x13.5cm a7489b₹467.00c₹d₹599.00e22%f30-01-2024 aA Goodread's "Top Romance Novel of All Time" A New York Times, USA Today, and Wall Street Journal bestseller I wanted to lose myself in the small town of Pelion, Maine. To forget everything I had left behind. The sound of rain. The blood. The coldness of a gun against my skin. For six months, each breath has been a reminder that I survived -- and my dad didn't. I'm almost safe again. But the moment I meet Archer Hale, my entire world tilts on its axis . . . and never rights itself again. Until I trespass into his strange, silent, and isolated world, Archer communicates with no one. Yet in his whiskey-colored eyes, something intangible happens between us. There's so much more to him than just his beauty, his presence, or the ways his hands communicate with me. On me. But this town is mired in secrets and betrayals, and Archer is the explosive center of it all. So much passion. And so much hurt. But it's only in Archer's silence that we might just find what we need to heal . . . and live.  aEnglish Fiction9149556 2ddccBK c229717d229717 00102ddc40708ENGaALbALcSKd2024-02-02eBiblios Book Point Surathkal Mangalore 575014g467.00l13m2o813.6 SHEAp077076r2026-02-09 08:50:58s2026-01-29v599.00w2024-02-02yBK